| 000 | 00471nam a22001457a 4500 | ||
|---|---|---|---|
| 008 | 161014b xxu||||| |||| 00| 0 eng d | ||
| 020 | _a9712713164 | ||
| 082 |
_22003 _aDFil 375.001 _bC88 |
||
| 100 |
_916184 _aCruz, Isagani R. |
||
| 245 |
_aThe basic education curriculum in 17 easy lessons/ _cIsagani R. Cruz |
||
| 260 |
_aPasig City: _bAnvil Publishing, _cc2003. |
||
| 300 |
_a111 pages; _c22 cm. |
||
| 650 | 0 |
_916185 _aEducation _xCurricula _zPhilippines. |
|
| 942 |
_2ddc _cDFIL |
||
| 999 |
_c5213 _d5213 |
||